Guía para la formulación de planes maestros integrales de recuperación de barrios y viviendas

Guardat en:
Dades bibliogràfiques
Autors principals: Arriagada, Camilo (Autor), Urrutia, Juan Pablo (Autor)
Format: Llibre
Idioma:espanyol
Publicat: Santiago Local Editores 2017
Edició:1a. ed
Matèries:
Etiquetes: Afegir etiqueta
Sense etiquetes, Sigues el primer a etiquetar aquest registre!

MARC

LEADER 00000cam a2200000 a 4500
001 UCC2409
003 CL-VaPUC
008 180119e20170000cl |||||||||||||||||spa|d
020 |a 9789569862014 
082 0 4 |a 711.55  |b ARR  |2 21 
100 0 |a Arriagada, Camilo  |e author  |9 596500 
700 0 |a Urrutia, Juan Pablo  |e author  |9 596501 
245 1 0 |a Guía para la formulación de planes maestros integrales de recuperación de barrios y viviendas 
250 |a 1a. ed 
300 |a 159 p 
942 |c BK 
945 |d 20180119 15:30:00  |a arojas 
260 |a Santiago  |b Local Editores  |c 2017 
650 0 |a Planificación urbana   |9 258176 
650 7 |a DESARROLLO URBANO  |2 CL-VaPUC  |9 596502 
650 0 |a Barrios   |9 518670 
650 0 |a Viviendas   |9 255326 
583 |a last modification  |c 20180119 15:30:00  |k Rodrigo Vera 
999 |c 370557  |d 370555 
952 |0 0  |1 0  |3 erb  |4 0  |6 711_550000000000000_ARR_2017  |7 0  |8 R  |9 487089  |a BIBARQ  |b BIBARQ  |i 5451167  |o 711.55 ARR 2017  |p 5451167  |r 2025-01-20  |w 2019-11-24  |y BK_R  |z Catalogado en:20180119  |k ARQ